书目信息 |
| 题名: |
信息处理用GB 13000.1字符集汉字部件规范
|
|
| 作者: | 国家语言文字工作委员会中文信息司 提出 ;北京语言文化大学 , 北京信息工程学院 , 上海交通大学 起草 | |
| 分册: | ||
| 出版信息: | 北京 语文出版社 1998.4 |
|
| 页数: | 16页 | |
| 开本: | 16开 | |
| 丛书名: | 国家语言文字工作委员会语言文字规范;GF3001-1997 | |
| 单 册: | ||
| 中图分类: | H124.2 | |
| 科图分类: | ||
| 主题词: | 汉字--文字学 | |
| 电子资源: | ||
| ISBN: | 7-80126-314-6 | |
| 000 | 01080nam0 2200265 45 | |
| 001 | 0003071095 | |
| 005 | 20031219104043.3 | |
| 010 | @a7-80126-314-6@dCNY3.00 | |
| 100 | @a20000307d1998 km y0chiy0120 ea | |
| 101 | @achi | |
| 105 | @a z 000yy | |
| 200 | 1 | @a信息处理用GB 13000.1字符集汉字部件规范@f国家语言文字工作委员会中文信息司提出@FGuo Jia Yu Yan Wen Zi Gong Zuo Wei Yuan Hui Zhong Wen Xin Xi Si Ti Chu@g北京语言文化大学,北京信息工程学院,上海交通大学起草 |
| 210 | @a北京@c语文出版社@d1998.4 | |
| 215 | @a16页@d16开 | |
| 225 | @a国家语言文字工作委员会语言文字规范;GF3001-1997 | |
| 230 | @a1997-12-01发布;1998-05-01实施 | |
| 410 | @12001 @a国家语言文字工作委员会语言文字规范;GF3001-1997 | |
| 606 | 0 | @a汉字@x文字学 |
| 690 | @aH124.2@v1 | |
| 701 | @a国家语言文字工作委员会中文信息司@4提出 | |
| 702 | 0 | @a北京语言文化大学@ABei Jing Yu Yan Wen Hua Da Xue@4起草 |
| 702 | 0 | @a北京信息工程学院@ABei Jing Xin Xi Gong Cheng XueYuan@4起草 |
| 702 | 0 | @a上海交通大学@AShang Hai Jiao Tong Da Xue@4起草 |
| 801 | @aCN@bTSTC@c20000307 | |
| 905 | @f2@b285647-648@dH124.2@e71 | |
| 信息处理用GB 13000.1字符集汉字部件规范/国家语言文字工作委员会中文信息司提出/北京语言文化大学,北京信息工程学院,上海交通大学起草.-北京:语文出版社,1998.4.-1997-12-01发布;1998-05-01实施 |
| 16页;16开.-(国家语言文字工作委员会语言文字规范;GF3001-1997) |
| ISBN 7-80126-314-6:CNY3.00 |
| ● |
| 相关链接 |
|
|
|
|
正题名:信息处理用GB 13000.1字符集汉字部件规范
索取号:H124.2/71
 
预约/预借
| 序号 | 登录号 | 条形码 | 馆藏地/架位号 | 状态 | 备注 |
| 1 | 0285647 | 002856476 | 第四借阅区/ [索取号:H124.2/71] | 在馆 | |
| 2 | 0285648 | 002856485 | 第二样本阅览室/ [索取号:H124.2/71] | 在馆 |